| 000 | 01850nam a22003617a 4500 | ||
|---|---|---|---|
| 001 | 100182 | ||
| 003 | KnowledgeUnlatched | ||
| 005 | 20210303105345.0 | ||
| 006 | m o d | ||
| 007 | cr u|||||||||| | ||
| 008 | 210129p20122017gw o u00| u eng d | ||
| 035 | _a(OCoLC)784886957 | ||
| 037 | _5BiblioBoard | ||
| 245 | 0 | 0 |
_aWartime Shanghai and the Jewish Refugees from Central Europe _bSurvival, Co-Existence, and Identity in a Multi-Ethnic City / _cIrene Eber. |
| 020 | _a9783110268188 | ||
| 029 | 1 | _ahttps://library.biblioboard.com/ext/api/media/dbfd9f02-dee0-4ca2-9d7d-f6b8a2a7fe47/assets/thumbnail.jpg | |
| 040 |
_aScCtBLL _cScCtBLL |
||
| 100 | 1 |
_aEber, Irene _eauthor. |
|
| 264 | 1 | _bDe Gruyter, | |
| 300 | _a1 online resource (259 p.) | ||
| 506 | 0 |
_aAccess copy available to the general public. _fUnrestricted _2star |
|
| 520 | _aThe study discusses the history of the Jewish refugees within the Shanghai setting and its relationship to the two established Jewish communities, the Sephardi and Russian Jews. Attention is also focused on the cultural life of the refugees who used both German and Yiddish, and on their attempts to cope under Japanese occupation after the outbreak of the Pacific War. | ||
| 588 | 0 | _aDescription based on print version record. | |
| 590 | _aKU Select 2016 Backlist Collection | ||
| 650 | 7 |
_aHistory / Asia / China _2bisacsh |
|
| 650 | 0 | _aHistory | |
| 655 | 0 | _aElectronic books. | |
| 758 |
_iIs found in: _aKnowledge Unlatched _1https://openresearchlibrary.org/module/2774bc74-146a-484f-a7ba-ab1d6a09bbfb |
||
| 856 | 4 | 0 |
_uhttps://openresearchlibrary.org/content/dbfd9f02-dee0-4ca2-9d7d-f6b8a2a7fe47 _zView this content on Open Research Library. _70 |
| 999 |
_c34223 _d34223 |
||